00465nam a2200181Ia 450000500170000000800410001702000140005804000190007204100120009108200130010310000140011624500620013026000320019230000160022465000220024065100110026285000100027320240515114757.0131103s9999 xx 000 0 und d a713173480 aLoreto College aEnglish a428bRAL aRalph, W. aCreative writing for secondary schoolsb Book 2 cW.Ralph aLondonbEdward Arnoldc1970 a72p.b pic. aEngliosh language aReader aLCBED